Socialist thought of mahatma Gandhi 2 V (Record no. 213061)

MARC details
000 -LEADER
fixed length control field 00373nam a2200145Ia 4500
008 - FIXED-LENGTH DATA ELEMENTS--GENERAL INFORMATION
fixed length control field 230917s9999||||xx |||||||||||||| ||und||
040 ## - CATALOGING SOURCE
-- 145634
Original cataloging agency VIVEKANANDA LIBRARY
041 ## - Language
-- English
082 ## - DDC NUMBER
Classification number 320.50954 P882S
100 ## - MAIN ENTRY--PERSONAL NAME
Personal name Pradhan, Benudhar
245 #0 - TITLE STATEMENT
Title Socialist thought of mahatma Gandhi 2 V
260 ## - PUBLICATION, DISTRIBUTION, ETC. (IMPRINT)
Place of publication, distribution, etc Delhi
Name of publisher, distributor, etc GDK Publication
Date of publication, distribution, etc 1980
300 ## - PHYSICAL DESCRIPTION
Pages 344p p.
942 ## - ADDED ENTRY ELEMENTS (KOHA)
Koha item type Books
Holdings
Withdrawn status Lost status Damaged status Not for loan Location (home branch) Sublocation or collection (holding branch) Date acquired Koha issues (times borrowed) Koha full call number Accession No. Koha date last seen Koha item type
        VIVEKANANDA LIBRARY VIVEKANANDA LIBRARY 15/03/2010   320.50954 P882S 76437 17/09/2023 Books
© Designed and Maintained by Vivekananda Library, MDU Rohtak